Piłkarze Bayernu i ich narodowości - Statystyki

Ogólne statystyki
  • Ten quiz został rozwiązany 2 309 razy
  • Średni wynik to 18 z 19
Statystyki odpowiedzi
Piłkarz Narodowość % Poprawnych
Manuel Neuer Niemcy
100%
Niklas Sule Niemcy
98%
Joshua Kimmich Niemcy
98%
Robert Lewandowski Polska
98%
Leon Goretzka Niemcy
97%
Thomas Muller Niemcy
97%
David Alaba Austria
96%
Benjamin Pavard Francja
96%
Sven Ulreich Niemcy
96%
Kingsley Coman Francja
95%
Jerome Boateng Niemcy
95%
Serge Gnabry Niemcy
95%
Philippe Coutinho Brazylia
94%
Ivan Perisic Chorwacja
94%
Thiago Hiszpania
94%
Corentin Tolisso Francja
91%
Alphonso Davies Kanada
91%
Javi Martinez Hiszpania
90%
Joshua Zirkzee Holandia
59%
Nie znaleziono quizów pasujących do podanych kryteriów
Rozkład punktacji
Procent ludzi z każdym wynikiem
Percentyl według liczby udzielonych odpowiedzi
Twoja historia wyników
Nie rozwiązałeś tego quizu